| 000 | 00502nam a22002177a 4500 | ||
|---|---|---|---|
| 003 | UA-OsUOA | ||
| 001 | 53364 | ||
| 007 | ta | ||
| 008 | 20151013b un ||||| |||| 00| 0 ukr d | ||
| 100 | _aBuyniak V. | ||
| 090 | _a929 | ||
| 942 | _cBR | ||
| 040 |
_aUA-OsUOA _beng _cUA-OsUOA _dUA-OsUOA |
||
| 245 | _aShevchenko the Artist | ||
| 300 | _aP. 143-158 с. | ||
| 955 | _a4 | ||
| 041 | _aeng | ||
| 080 | _a929 | ||
| 650 | 7 |
_a9 Географія. Біографії. Історія _2UDC |
|
| 999 |
_c433481 _d433481 |
||